000 00852nam a22002177a 4500
005 20140313112742.0
008 081106t xxu||||| |||| 00| d hin d
010 _aHIN-101950
020 _c295.00
035 _aHN-74296
037 _bDBAD / PUB
040 _aDPL
_bHN
082 _a641.05
100 _927262
_aमेहता,नीता
245 _aएक सौ एक(101) माइक्रोवेव रेसिपी /
_cनीता मेहता एवमं तान्या मेहता
260 _aनई दिल्ली
_bसनैब पब्लिकेशन्स
_c2013
270 _a3ए/3 आसफ अली रोड़
_bनई दिल्ली
_e110002
300 _a120पृ.
_c22सेमी(सजिल्द)
700 _927271
942 _2ddc
_cHN
_mमेहता
_h641.05
999 _c82989
_d82989